00591cam a22002291a 4500001001300000003000400013005001700017008004100034010001700075035002000092040001800112042001200130050002000142100001900162245004800181260004700229300002000276500001100296500002200307500001500329999001700344he 66001663 DLC20260227111441.0890208s1966 is 000 1 hebr  ahe 66001663  a(OCoLC)19114110 aDLCcInUdDLC apremarc00aPJ5054.Z385bY31 aZarchi, Nurit.10aYaroḳ yaroḳ :bshirim /cNurit Zarḥi. a[Tel-Aviv] :bMaḥberot le-sifrut,c1966. a43 p. ;c21 cm. aPoems. aRomanized record. aVocalized. c31959d31959